[Event "Landesliga Sued 0203"]
[Site "Bayern"]
[Date "2002.12.15"]
[Round "3.4"]
[White "Wendt, Rene"]
[Black "Schmid, Franz"]
[Result "1/2-1/2"]
[WhiteElo "2343"]
[BlackElo "2087"]
[PlyCount "62"]
[EventDate "2002.10.20"]
[EventType "team-tourn"]
[EventRounds "9"]
[EventCountry "GER"]
[SourceTitle "EXT 2004"]
[Source "ChessBase"]
[SourceDate "2003.11.25"]
[SourceVersion "1"]
[SourceVersionDate "2003.11.25"]
[SourceQuality "1"]
[WhiteTeam "Bayern Muenchen II"]
[BlackTeam "Waldkirch"]
[WhiteTeamCountry "GER"]
[BlackTeamCountry "GER"]

1. d4 e6 2. c4 Nf6 3. Nf3 b6 4. Nc3 Bb4 5. Bg5 h6 6. Bh4 Bb7 7. e3 0-0 8. Bd3 d5 9. 0-0 dxc4 10. Bxc4 c5 11. a3 cxd4 12. Nb5 Be7 13. Nbxd4 Nc6 14. Nxc6 Bxc6 15. Nd4 Bd5 16. Qe2 Bxc4 17. Qxc4 Qd5 18. Rac1 a6 19. Nc6 Bc5 20. Bxf6 Qxc4 21. Rxc4 gxf6 22. Rfc1 Rfe8 23. b4 Bf8 24. Kf1 a5 25. bxa5 Bxa3 26. axb6 Bxc1 27. Rxc1 Ra6 28. Rb1 Kf8 29. Ke2 Rc8 30. Kf3 Rxc6 31. b7 Rcb6 1/2-1/2

[Event "BL2-Sued 0102"]
[Site "Germany"]
[Date "2001.11.11"]
[Round "2.5"]
[White "Wendt, Rene"]
[Black "Spiegel, Stefan"]
[Result "1/2-1/2"]
[WhiteElo "2348"]
[BlackElo "2313"]
[PlyCount "112"]
[EventDate "2001.10.07"]
[EventType "team-tourn"]
[EventRounds "9"]
[EventCountry "GER"]
[SourceTitle "CBM 088 Extra"]
[Source "ChessBase"]
[SourceDate "2002.07.01"]
[SourceVersion "2"]
[SourceVersionDate "2002.07.01"]
[SourceQuality "1"]
[WhiteTeam "Bayern Muenchen"]
[BlackTeam "Viernheim"]
[WhiteTeamCountry "GER"]
[BlackTeamCountry "GER"]

1. d4 Nf6 2. c4 e6 3. Nf3 Bb4+ 4. Bd2 Qe7 5. g3 Nc6 6. Nc3 Bxc3 7. Bxc3 Ne4 8. Rc1 0-0 9. Bg2 Nxc3 10. Rxc3 d6 11. d5 Nd8 12. 0-0 a5 13. Qc2 Bd7 14. Rd1 h6 15. Nh4 e5 16. c5 Qe8 17. cxd6 cxd6 18. e4 g6 19. Rc7 b6 20. Rc1 Rb8 21. Qb3 Kg7 22. Qe3 f6 23. a3 Rf7 24. b4 axb4 25. axb4 Bb5 26. Bh3 Bd7 27. Bxd7 Rxd7 28. Qa3 Qe7 29. R7c2 Nf7 30. Qe3 Rdb7 31. Nf3 Qd7 32. Rc6 Nd8 33. b5 Nf7 34. Kg2 Qd8 35. h4 h5 36. Nd2 Ra8 37. Nc4 Ra4 38. Rxb6 Rxb6 39. Nxb6 Rb4 40. Rc8 Qe7 41. Qd3 Qa7 42. Rc6 Rb2 43. Qf3 Rxb5 44. Nc4 Rc5 45. Qe3 Rxc6 46. Qxa7 Rxc4 47. Kf3 Rc5 48. Ke3 Rc4 49. Qd7 Rc3+ 50. Kd2 Rc4 51. Kd3 Rd4+ 52. Ke3 Rc4 53. f4 Rc3+ 54. Kf2 Rc2+ 55. Kf3 Rc3+ 56. Kg2 Rc4 1/2-1/2

[Event "Dresden op 09th"]
[Site "Dresden"]
[Date "2000.07.12"]
[Round "6"]
[White "Wendt, Rene"]
[Black "Weidel, Albrecht"]
[Result "1-0"]
[WhiteElo "2370"]
[BlackElo "2210"]
[PlyCount "73"]
[EventDate "2000.07.20"]
[EventType "swiss"]
[EventRounds "9"]
[EventCountry "GER"]
[SourceTitle "EXT 2001"]
[Source "ChessBase"]
[SourceDate "2000.11.22"]
[SourceVersion "1"]
[SourceVersionDate "2000.11.22"]
[SourceQuality "1"]

1. d4 Nf6 2. c4 e6 3. Nf3 b6 4. Nc3 Bb4 5. Bg5 Bb7 6. e3 Bxc3+ 7. bxc3 d6 8. Bd3 Nbd7 9. Qc2 c5 10. a4 Rc8 11. 0-0 h6 12. Bh4 Bxf3 13. gxf3 a5 14. f4 Qc7 15. d5 g5 16. dxe6 fxe6 17. fxg5 hxg5 18. Bxg5 Ke7 19. f4 Rcg8 20. Qg2 Kf7 21. Rf3 Qc8 22. Kh1 Ke8 23. Rg3 Kd8 24. Be4 Kc7 25. Bf3 Rh7 26. Rg1 Rgh8 27. h4 Qf8 28. Rd1 Nh5 29. Rh3 Ng7 30. Bb7 Nf5 31. Qc6+ Kb8 32. Ba6 Nf6 33. Qxb6+ Ka8 34. Bb5 Rb7 35. Bc6 Rhh7 36. Rb1 Nd5 37. Bxb7+ 1-0

[Event "Dortmund Sparkassen op-A"]
[Site "Dortmund"]
[Date "2000.07.09"]
[Round "3"]
[White "Wendt, Rene"]
[Black "Peschel, Andreas"]
[Result "1-0"]
[WhiteElo "2373"]
[BlackElo "2178"]
[PlyCount "97"]
[EventDate "2000.07.07"]
[EventType "swiss"]
[EventRounds "10"]
[EventCountry "GER"]
[SourceTitle "EXT 2001"]
[Source "ChessBase"]
[SourceDate "2000.11.22"]
[SourceVersion "1"]
[SourceVersionDate "2000.11.22"]
[SourceQuality "1"]

1. d4 d5 2. c4 e6 3. Nc3 c6 4. Nf3 Nf6 5. Bg5 h6 6. Bxf6 Qxf6 7. Qc2 g6 8. cxd5 exd5 9. Nxd5 Qd8 10. Nc3 Bg7 11. e3 0-0 12. Be2 c5 13. dxc5 Qa5 14. 0-0 Nc6 15. a3 Qxc5 16. Rac1 Be6 17. b4 Qe7 18. Na4 Rac8 19. Nc5 Nxb4 20. axb4 b6 21. Nd4 bxc5 22. Nxe6 Qxe6 23. bxc5 Rc7 24. Bf3 a5 25. Rfd1 Rfc8 26. c6 Bf8 27. Bd5 Qf6 28. Rd4 Kg7 29. g3 Rb8 30. Rb1 Rxb1+ 31. Qxb1 Bb4 32. Qa2 Qe5 33. Rf4 f6 34. Qc4 Qc3 35. Qa6 Qc5 36. Rd4 Qa7 37. Qb5 Qa8 38. h4 Qe8 39. Qb6 Qc8 40. h5 gxh5 41. Rc4 Qd8 42. Be6 Qe7 43. Qb8 f5 44. Rf4 Kf6 45. Bd7 Bd6 46. Qh8+ Kg6 47. Rxf5 h4 48. Qg8+ Qg7 49. Qe6+ 1-0

[Event "Dortmund Sparkassen op-A"]
[Site "Dortmund"]
[Date "2000.07.07"]
[Round "1"]
[White "Wendt, Rene"]
[Black "Villwock, Martin"]
[Result "1-0"]
[WhiteElo "2373"]
[BlackElo "2122"]
[PlyCount "93"]
[EventDate "2000.07.07"]
[EventType "swiss"]
[EventRounds "10"]
[EventCountry "GER"]
[SourceTitle "EXT 2001"]
[Source "ChessBase"]
[SourceDate "2000.11.22"]
[SourceVersion "1"]
[SourceVersionDate "2000.11.22"]
[SourceQuality "1"]

1. d4 d5 2. c4 Nc6 3. cxd5 Qxd5 4. Nf3 e5 5. Nc3 Bb4 6. Bd2 Bxc3 7. Bxc3 e4 8. Nd2 e3 9. fxe3 Nf6 10. Qb3 Be6 11. Qxd5 Bxd5 12. Rg1 0-0 13. g4 Rfe8 14. Rg3 a5 15. g5 Ne4 16. Nxe4 Bxe4 17. Rg4 Nb4 18. Bxb4 axb4 19. Kd2 Bd5 20. Bg2 Be6 21. Rg3 c6 22. a3 Ra4 23. Be4 bxa3 24. Bc2 Ra5 25. Rxa3 Rxa3 26. bxa3 Ra8 27. e4 g6 28. Rc3 Ra5 29. e5 Kg7 30. a4 h6 31. h4 hxg5 32. hxg5 Ra8 33. Rg3 b5 34. axb5 cxb5 35. Bb3 Ra3 36. Kc2 Bf5+ 37. Kb2 b4 38. Rf3 Ra8 39. e4 Be6 40. Bxe6 fxe6 41. Rb3 Rh8 42. Rxb4 Rh5 43. d5 Rxg5 44. d6 Kf7 45. Rb7+ Kf8 46. Rb8+ Kf7 47. d7 1-0

[Event "Oberliga Bayern 9900"]
[Site "Bayern"]
[Date "2000.02.20"]
[Round "6.4"]
[White "Delitzsch, Juergen"]
[Black "Wendt, Rene"]
[Result "0-1"]
[WhiteElo "2165"]
[BlackElo "2295"]
[PlyCount "102"]
[EventDate "1999.10.10"]
[EventType "team-tourn"]
[EventRounds "9"]
[EventCountry "GER"]
[SourceTitle "EXT 2020"]
[Source "ChessBase"]
[SourceDate "2019.10.17"]
[SourceVersion "1"]
[SourceVersionDate "2019.10.17"]
[SourceQuality "1"]
[WhiteTeam "Bindlach"]
[BlackTeam "Muenchen FC Bayern"]
[WhiteTeamCountry "GER"]
[BlackTeamCountry "GER"]

1. e4 c5 2. Nc3 d6 3. f4 Nc6 4. Nf3 g6 5. Bc4 Bg7 6. 0-0 e6 7. d3 Nge7 8. Qe1 0-0 9. f5 d5 10. Bb3 c4 11. dxc4 dxe4 12. f6 Bxf6 13. Nxe4 Bg7 14. Bg5 f6 15. Be3 b6 16. Rd1 Qc7 17. Nd6 Na5 18. Nb5 Qb7 19. Qb4 Nf5 20. Bf2 Nxb3 21. Qxb3 Bd7 22. Nd6 Nxd6 23. Rxd6 Rf7 24. c5 Bf8 25. Rd3 Rb8 26. cxb6 axb6 27. Nd4 Re8 28. Nb5 Bc6 29. Nd6 Bxd6 30. Rxd6 Bxg2 31. Rxb6 Qa8 32. Re1 Bh1 33. Qg3 e5 34. c4 f5 35. h4 f4 36. Qh3 Bc6 37. b4 e4 38. b5 Bd7 39. Qg2 e3 40. Bxe3 Qxg2+ 41. Kxg2 fxe3 42. c5 Re4 43. Rb8+ Kg7 44. c6 Rg4+ 45. Kh3 Rf3+ 46. Kh2 Rf2+ 47. Kh1 Rxh4+ 48. Kg1 Rg4+ 49. Kh1 Rf5 50. Re2 Rh5+ 51. Rh2 e2 0-1

[Event "Lost Boys op"]
[Site "Amsterdam"]
[Date "2000.??.??"]
[Round "?"]
[White "Roebers, Jan"]
[Black "Wendt, Rene"]
[Result "1-0"]
[WhiteElo "2235"]
[BlackElo "2370"]
[PlyCount "69"]
[EventDate "2000.08.05"]
[EventType "swiss"]
[EventRounds "9"]
[EventCountry "NED"]
[SourceTitle "EXT 2002"]
[Source "ChessBase"]
[SourceDate "2001.11.25"]
[SourceVersion "1"]
[SourceVersionDate "2001.11.25"]
[SourceQuality "1"]

1. e4 c5 2. Nf3 d6 3. d4 cxd4 4. Nxd4 Nf6 5. Nc3 a6 6. f4 e6 7. Be2 Qc7 8. a4 Be7 9. Be3 Nc6 10. 0-0 0-0 11. Kh1 Re8 12. Bf3 Rb8 13. g4 Nxd4 14. Bxd4 e5 15. fxe5 dxe5 16. Ba7 Ra8 17. g5 Rd8 18. Qe2 Ne8 19. Be3 Be6 20. Qf2 Qc4 21. Nd5 Bxd5 22. exd5 Nd6 23. b3 Qc3 24. Rac1 f5 25. gxf6 Bxf6 26. Bd2 Qb2 27. c4 Qxb3 28. c5 e4 29. Bg2 Nc4 30. Bxe4 Qxa4 31. Rxc4 Qxc4 32. Qf5 Qd4 33. Qxh7+ Kf8 34. Bg5 Re8 35. Rxf6+ 1-0

[Event "Pyramiden Franken Cup 2nd"]
[Site "Fuerth"]
[Date "1999.08.27"]
[Round "7"]
[White "Wendt, Rene"]
[Black "Schaefer, Markus"]
[Result "1/2-1/2"]
[WhiteElo "2323"]
[BlackElo "2402"]
[PlyCount "33"]
[EventDate "1999.08.21"]
[EventType "swiss"]
[EventRounds "9"]
[EventCountry "GER"]
[SourceTitle "EXT 2000"]
[Source "ChessBase"]
[SourceDate "1999.11.16"]
[SourceVersion "1"]
[SourceVersionDate "1999.11.16"]
[SourceQuality "1"]

1. d4 d5 2. c4 c6 3. Nf3 Nf6 4. Nc3 e6 5. e3 Nbd7 6. Bd3 dxc4 7. Bxc4 b5 8. Bd3 a6 9. e4 c5 10. e5 cxd4 11. Ne4 Nd5 12. 0-0 h6 13. a4 b4 14. a5 Bb7 15. Bc4 Be7 16. Qxd4 0-0 17. Bd2 1/2-1/2

[Event "Pyramiden Franken Cup 2nd"]
[Site "Fuerth"]
[Date "1999.08.25"]
[Round "5"]
[White "Wendt, Rene"]
[Black "Weigel, Herbert"]
[Result "1/2-1/2"]
[WhiteElo "2323"]
[BlackElo "2204"]
[PlyCount "68"]
[EventDate "1999.08.21"]
[EventType "swiss"]
[EventRounds "9"]
[EventCountry "GER"]
[SourceTitle "EXT 2000"]
[Source "ChessBase"]
[SourceDate "1999.11.16"]
[SourceVersion "1"]
[SourceVersionDate "1999.11.16"]
[SourceQuality "1"]

1. d4 d5 2. c4 c6 3. Nf3 Nf6 4. Nc3 dxc4 5. e4 b5 6. e5 Nd5 7. a4 e6 8. axb5 Nxc3 9. bxc3 cxb5 10. Ng5 Bb7 11. Qh5 g6 12. Qg4 Be7 13. Be2 Bd5 14. Bf3 h5 15. Qg3 Nc6 16. 0-0 b4 17. Ne4 bxc3 18. Nd6+ Bxd6 19. Bxd5 exd5 20. exd6 0-0 21. Bg5 Nxd4 22. Qe5 Ne2+ 23. Kh1 f6 24. Qxd5+ Kg7 25. Be3 c2 26. Qd2 c1Q 27. Rfxc1 Nxc1 28. Bh6+ Kh7 29. Bxf8 Qxf8 30. Rxc1 Qf7 31. Qd4 Rd8 32. h3 Qe6 33. Rxc4 Qxd6 34. Qxd6 Rxd6 1/2-1/2

[Event "Oberliga Bayern 9899"]
[Site "Bayern"]
[Date "1999.05.09"]
[Round "8.3"]
[White "Kraeussling, Andreas"]
[Black "Wendt, Rene"]
[Result "1/2-1/2"]
[WhiteElo "2270"]
[BlackElo "2320"]
[PlyCount "104"]
[EventDate "1998.10.11"]
[EventType "team-tourn"]
[EventRounds "9"]
[EventCountry "GER"]
[SourceTitle "EXT 2020"]
[Source "ChessBase"]
[SourceDate "2019.10.17"]
[SourceVersion "1"]
[SourceVersionDate "2019.10.17"]
[SourceQuality "1"]
[WhiteTeam "Marktheidenfeld"]
[BlackTeam "Muenchen FC Bayern"]
[WhiteTeamCountry "GER"]
[BlackTeamCountry "GER"]

1. d4 Nf6 2. c4 c5 3. d5 b5 4. cxb5 a6 5. bxa6 g6 6. Nc3 Bxa6 7. e4 Bxf1 8. Kxf1 d6 9. Nf3 Nbd7 10. h3 Bg7 11. Kg1 0-0 12. Kh2 Nb6 13. Re1 Nfd7 14. Re2 Nc4 15. Qd3 Nde5 16. Nxe5 Nxe5 17. Qc2 Qa5 18. Bg5 Ra7 19. f4 Nc4 20. Rc1 Rb8 21. b3 Na3 22. Qd3 Qb4 23. Nd1 Qd4 24. Qxd4 Bxd4 25. Ne3 Nb5 26. Nd1 f6 27. Bh4 Ra3 28. Rcc2 Rba8 29. Bf2 Kf7 30. Red2 Ba1 31. Be3 R8a6 32. Rf2 Bd4 33. Bxd4 Nxd4 34. Rcd2 Nb5 35. e5 f5 36. exd6 Nxd6 37. Nc3 c4 38. Nb1 R3a5 39. Nc3 cxb3 40. axb3 Rc5 41. Na4 Rb5 42. Rd3 Ne4 43. Rc2 Ra7 44. Rc6 Rab7 45. Nb2 Rxb3 46. Rxb3 Rxb3 47. Nc4 Rb5 48. d6 exd6 49. Nxd6+ Nxd6 50. Rxd6 h6 51. h4 h5 52. Ra6 Rb3 1/2-1/2

[Event "Basel Hilton op 01st"]
[Site "Basel"]
[Date "1999.01.04"]
[Round "7"]
[White "Varga, Peter"]
[Black "Wendt, Rene"]
[Result "1-0"]
[WhiteElo "2448"]
[BlackElo "2335"]
[PlyCount "147"]
[EventDate "1999.01.??"]
[EventType "swiss"]
[EventRounds "7"]
[EventCountry "SUI"]
[SourceTitle "EXT 2000"]
[Source "ChessBase"]
[SourceDate "1999.11.16"]
[SourceVersion "1"]
[SourceVersionDate "1999.11.16"]
[SourceQuality "1"]

1. d4 Nf6 2. c4 c5 3. d5 b5 4. cxb5 a6 5. bxa6 Bxa6 6. Nc3 d6 7. e4 Bxf1 8. Kxf1 g6 9. Nf3 Nbd7 10. h3 Bg7 11. Kg1 0-0 12. Kh2 Nb6 13. Re1 Ra6 14. Re2 Qa8 15. Bg5 h6 16. Bd2 Nfd7 17. Rc1 Na4 18. Rc2 Rb8 19. Qc1 Kh7 20. a3 Ne5 21. Nxe5 Bxe5+ 22. f4 Bg7 23. Nxa4 Rxa4 24. Bc3 Rb3 25. Bxg7 Kxg7 26. Rc3 Qa6 27. Ree3 Rb8 28. Rc2 Kg8 29. Qe1 Kh7 30. Qf2 Rd4 31. f5 Rg8 32. f6 Qa7 33. Rce2 Re8 34. e5 exf6 35. exd6 Rxe3 36. Rxe3 Qd7 37. Qxf6 Rxd5 38. Re7 Qxd6+ 39. Qxd6 Rxd6 40. Rxf7+ Kg8 41. Rc7 Rb6 42. Rxc5 Rxb2 43. Rc7 Rb3 44. Ra7 Kf8 45. a4 Ra3 46. a5 Kg8 47. Kg1 Ra2 48. Kf1 Kh8 49. a6 Kg8 50. g4 Kh8 51. Ke1 Kg8 52. Kd1 Kh8 53. Kc1 Kg8 54. Kb1 Ra5 55. Kb2 Rb5+ 56. Kc3 Ra5 57. Kb4 Ra1 58. Kb5 Rb1+ 59. Kc6 Ra1 60. Kb7 Rb1+ 61. Kc8 Ra1 62. Ra8 Kf7 63. Kb7 Rb1+ 64. Ka7 Rb3 65. Rb8 Rxh3 66. Rb6 Re3 67. Rb5 Kf6 68. Kb6 Re6+ 69. Ka5 Re7 70. Rc5 h5 71. gxh5 g5 72. Kb6 g4 73. a7 Re8 74. Kb7 1-0

[Event "Lenk op"]
[Site "Lenk"]
[Date "1999.??.??"]
[Round "3"]
[White "Mikhalchishin, Adrian"]
[Black "Wendt, Rene"]
[Result "1/2-1/2"]
[WhiteElo "2542"]
[BlackElo "2335"]
[PlyCount "65"]
[EventDate "1999.03.31"]
[EventType "swiss"]
[EventRounds "9"]
[EventCountry "SUI"]
[SourceTitle "EXT 2000"]
[Source "ChessBase"]
[SourceDate "1999.11.16"]
[SourceVersion "1"]
[SourceVersionDate "1999.11.16"]
[SourceQuality "1"]

1. Nf3 c5 2. c4 Nf6 3. Nc3 g6 4. d4 cxd4 5. Nxd4 Bg7 6. g3 0-0 7. Bg2 Nc6 8. 0-0 d6 9. Nc2 h5 10. h3 Be6 11. Ne3 Qd7 12. Kh2 Rac8 13. Bd2 Nd4 14. b3 b5 15. Ncd5 bxc4 16. bxc4 Bxd5 17. cxd5 Qb5 18. Rb1 Qa6 19. Rb4 Nxe2 20. Ra4 Qd3 21. Rxa7 Ra8 22. Rxe7 Rxa2 23. Bb4 Qxd1 24. Rxd1 Rd8 25. Nc4 Bf8 26. Rb7 h4 27. gxh4 Nf4 28. Bf3 Rxf2+ 29. Kg3 Rc2 30. Kxf4 Rxc4+ 31. Kg3 Bh6 32. Bd2 Bxd2 33. Rxd2 1/2-1/2

[Event "Lenk op"]
[Site "Lenk"]
[Date "1999.??.??"]
[Round "6"]
[White "Wendt, Rene"]
[Black "Habibi, Ali"]
[Result "1-0"]
[WhiteElo "2335"]
[BlackElo "2340"]
[PlyCount "133"]
[EventDate "1999.03.31"]
[EventType "swiss"]
[EventRounds "9"]
[EventCountry "SUI"]
[SourceTitle "EXT 2000"]
[Source "ChessBase"]
[SourceDate "1999.11.16"]
[SourceVersion "1"]
[SourceVersionDate "1999.11.16"]
[SourceQuality "1"]

1. d4 d6 2. Nf3 g6 3. c4 Nf6 4. Nc3 Bg7 5. e4 0-0 6. Be2 c5 7. d5 e6 8. 0-0 exd5 9. cxd5 Re8 10. Nd2 b6 11. f3 Nbd7 12. Nc4 Ne5 13. Bg5 h6 14. Be3 Kh7 15. Kh1 Rb8 16. a4 Re7 17. Na3 a6 18. Qd2 Bb7 19. Rab1 a5 20. b3 Bc8 21. Nab5 Ne8 22. Rbe1 Rbb7 23. f4 Nd7 24. Bd3 Ndf6 25. Bg1 Rbd7 26. Qc2 Kg8 27. Bc4 Bb7 28. h3 Qa8 29. Bh2 Rd8 30. Rd1 Nh5 31. e5 Bh8 32. e6 f5 33. Rfe1 Nef6 34. Qf2 Kh7 35. Qh4 Ng8 36. Re2 Qb8 37. Rd3 Rf8 38. Kg1 Qd8 39. Kf1 Bf6 40. Qf2 Rg7 41. Rf3 Bh4 42. g3 Be7 43. g4 Bh4 44. e7 Bxe7 45. gxh5 gxh5 46. Rg3 Rgf7 47. Qf3 h4 48. Rgg2 Nf6 49. Bd3 Bc8 50. Na7 Bd7 51. Bb5 Ng4 52. Bxd7 Nxh2+ 53. Rxh2 Qxd7 54. Nc6 Bf6 55. Re6 Rg8 56. Ne2 Bg7 57. Qh5 Rf6 58. Re7 Qc8 59. Nc3 Rg6 60. Nb5 Qf8 61. Rhe2 Qf6 62. R7e6 Qa1+ 63. Re1 Rg1+ 64. Kxg1 Bd4+ 65. Kh2 Qb2+ 66. R1e2 Bg1+ 67. Kh1 1-0

[Event "Bayern-chI Bank Hofmann 2nd"]
[Site "Bad Wiessee"]
[Date "1998.12.05"]
[Round "8"]
[White "Wendt, Rene"]
[Black "Lauterbach, Ingrid"]
[Result "1/2-1/2"]
[WhiteElo "2310"]
[BlackElo "2170"]
[PlyCount "77"]
[EventDate "1998.11.28"]
[EventType "swiss"]
[EventRounds "9"]
[EventCountry "GER"]
[SourceTitle "EXT 2001"]
[Source "ChessBase"]
[SourceDate "2000.11.22"]
[SourceVersion "1"]
[SourceVersionDate "2000.11.22"]
[SourceQuality "1"]

1. d4 d6 2. e4 Nf6 3. f3 d5 4. e5 Nfd7 5. f4 c5 6. c3 Nc6 7. Nf3 cxd4 8. cxd4 Nb6 9. Nc3 Bg4 10. Be2 e6 11. 0-0 Be7 12. Be3 0-0 13. Bf2 Rc8 14. Rc1 Na5 15. h3 Bf5 16. Ne1 Nac4 17. b3 Na5 18. Nd3 Ba3 19. Rc2 Nc6 20. Nb1 Be7 21. Rc1 Na8 22. Qd2 Qb6 23. Nc5 Rfd8 24. Rc3 Nc7 25. Na3 Qb4 26. Nc2 Bxc2 27. Rxc2 Qxd2 28. Rxd2 Bxc5 29. dxc5 d4 30. Rfd1 Nd5 31. Bxd4 Nxf4 32. Bf3 Nd5 33. Bb2 Nce7 34. b4 a5 35. bxa5 Ra8 36. Bd4 Nc6 37. Bf2 Nxa5 38. Rb2 Rd7 39. Rbd2 1/2-1/2

[Event "Oberliga Bayern 9899"]
[Site "Bayern"]
[Date "1998.11.15"]
[Round "3.4"]
[White "Wendt, Rene"]
[Black "Lickleder, Andreas"]
[Result "1/2-1/2"]
[WhiteElo "2275"]
[BlackElo "2155"]
[PlyCount "38"]
[EventDate "1998.10.11"]
[EventType "team-tourn"]
[EventRounds "9"]
[EventCountry "GER"]
[SourceTitle "EXT 2020"]
[Source "ChessBase"]
[SourceDate "2019.10.17"]
[SourceVersion "1"]
[SourceVersionDate "2019.10.17"]
[SourceQuality "1"]
[WhiteTeam "Muenchen FC Bayern"]
[BlackTeam "Milbertshofen (SG Schwabing)"]
[WhiteTeamCountry "GER"]
[BlackTeamCountry "GER"]

1. Nf3 c5 2. e4 d6 3. d4 cxd4 4. Nxd4 Nf6 5. Nc3 a6 6. Be3 e5 7. Nb3 Be6 8. Qd2 Nbd7 9. f3 Qc7 10. g4 Nb6 11. 0-0-0 Nc4 12. Bxc4 Bxc4 13. g5 Nh5 14. Na4 b5 15. Nb6 Rb8 16. Qa5 Qb7 17. Qd2 Qc7 18. Qa5 Qb7 19. Qd2 Qc7 1/2-1/2